Numerical methods for engineers and scientists

Gespeichert in:
Bibliographische Detailangaben
1. Verfasser:  Hoffman, Joe D
Format: Sách
Sprache:Undetermined
Veröffentlicht:  Marcel Dekker Inc  2001
Schlagworte:
Tags: Tag hinzufügen
Keine Tags, Fügen Sie den ersten Tag hinzu!
Thư viện lưu trữ: Trung tâm Thư viện - Trường Đại học Công nghiệp TP. Hồ Chí Minh
LEADER 00489nam a2200157Ia 4500
001 UIH_05094
008 231011s9999 xx 000 0 und d
082 |a  518 
100 |a  Hoffman, Joe D 
245 0 |a  Numerical methods for engineers and scientists 
245 0 |c  Hoffman, Joe D 
260 |b  Marcel Dekker Inc 
260 |c  2001 
650 |a  Giải tích số;  
927 |a Sách 
980 |a Trung tâm Thư viện - Trường Đại học Công nghiệp TP. Hồ Chí Minh